Managing gigabytes : compressing and indexing documents and images

Αποθηκεύτηκε σε:
Λεπτομέρειες βιβλιογραφικής εγγραφής
Κύριος συγγραφέας: Witten, I. H. (Ian H.)
Άλλοι συγγραφείς: Moffat, Alistair, Bell, Timothy C.
Μορφή: Βιβλίο
Γλώσσα:English
Δημοσίευση: San Fracisco, Calif. : Morgan Kaufman Pub., c1999
Έκδοση:2nd ed.
Σειρά:Morgan Kaufmann series in multimedia information and systems
Θέματα:
Ετικέτες: Προσθήκη ετικέτας
Δεν υπάρχουν, Καταχωρήστε ετικέτα πρώτοι!

MARC

LEADER 00000cam a2200000 i 4500
001 1/93744
008 991208s1999 eng d
020 |a 1558605703 
035 |l 10054523 
040 |a GR-MY-UA  |b gre  |e aacr 
041 0 |a eng 
082 0 |a 621.367 
100 1 |a Witten, I. H.   |q (Ian H.) 
245 1 0 |a Managing gigabytes :  |b compressing and indexing documents and images /  |c Ian H. Witten, Alistair Moffat, Timothy C. Bell 
250 |a 2nd ed. 
260 |a San Fracisco, Calif. :   |b Morgan Kaufman Pub.,   |c c1999 
300 |a xxxi, 518 p.;  |b ill.;  |c 24 cm. 
490 1 |a Morgan Kaufmann series in multimedia information and systems 
504 |a Includes bibliographical references and index 
650 0 0 |a Image processing  |x Digital techniques. 
650 0 0 |a Data compression (Telecommunication) 
650 0 0 |a Text processing (Computer science) 
650 0 0 |a Document imaging systems. 
700 0 |a Moffat, Alistair. 
700 1 |a Bell, Timothy C. 
830 0 |a Morgan Kaufmann series in multimedia information and systems 
852 |a INST  |b CHIOS  |e 20010308  |h 621.367 WIT  |p 005200021409  |q 005200021409  |t BK  |y 0 
852 |a INST  |b CHIOS  |e 20050311  |h 621.367 WIT  |p 005200021781  |q 005200021781  |t BK  |y 0 
852 |a INST  |b CHIOS  |e 20050302  |h 621.367 WIT  |p 005200021800  |q 005200021800  |t BK  |y 0 
852 |a INST  |b SAMOS  |e 19991208  |h 621.367 WIT  |p 005300016682  |q 005300016682  |t BK  |y 0 
901 |a BIBL3-1999-3 
901 |a BIBL2-2001-1 
901 |a BIBL2-2005-1 
909 |a Σ  |b 069644 
909 |a Χ  |b 083188 
909 |a Χ  |b 113066 
909 |a Χ  |b 113088 
920 |a ΔΙΕΥΡΥΝΣΗ  |b ΕΠΕΑΕΚ-ΤΜΟΔ  |y ΧΙΟΣ  |z 2004-12 
922 |a 3ΕΛΗ  |b 199911  |c ΤΠΕΣ  |d ΠΑΠΑΣΩΤΗΡΙΟΥ 
950 |a 133-1999-07-20 
970 |a ΠΟΥΡΝΑΡΑΣ  |b ΔΗΜΗΤΡΗΣ  |z 1999/12/08